Sanat: "Ram pam pam" - Bess - Statistics

Yleistilastot
  • Tätä visaa on pelattu 288 kertaa
  • Keskiarvotulos 261 / 313
Vastaustilastot
Vastaus % Oikein
pa
99%
97%
97%
pam
97%
ram
97%
ja
94%
Me
94%
94%
sun
92%
tää
92%
tahtiin
92%
ei
91%
oot
91%
Anna
90%
anna
90%
meen
90%
sydän
90%
tanssi
90%
mun
88%
oon
87%
jo
86%
leimoja
86%
on
86%
passiin
86%
en
85%
haluan
84%
jumalauta
84%
haluat
83%
ku
83%
niin
83%
Pariisiin
83%
vaan
83%
ny
82%
nyt
82%
haudas
81%
jos
81%
naimisiin
81%
menee
79%
rakkautta
79%
jalka
78%
tekee
78%
yölennolla
78%
et
77%
mennä
77%
rastiin
77%
ristiin
77%
tanssii
77%
toinen
77%
askel
76%
koskaan
75%
tuu
75%
lipulla
74%
yhden
74%
suunnan
72%
Tuntuu
72%
olis
70%
että
66%
mut
57%
unelmaa
50%
yhteistä
49%
lomakuvia
48%
enemmän
46%
muistoja
46%
yhtään
46%
eikä
45%
olla
45%
revenneitä
45%
unia
45%
nähään
44%
makaa
43%
haudassa
42%
kertynyt
42%
vapaa
42%
vasta
42%
ihmisen
41%
joo
41%
mul
41%
ne
41%
laulaa
39%
saada
39%
laitan
37%
pitää
37%
tilil
34%
hullu
32%
jaksa
32%
jauhaa
32%
parikybää
30%
Tiiän
24%
Ehtoja vastaavia visoja ei löytynyt
Tulosjakauma
Jokaisen tuloksen saaneiden osuus
Persentiili vastausten määrän mukaan
Tuloshistoriasi
Et ole pelannut tätä visaa